000 00757nam a2200289 a 4500
003 AR-BaBNM
005 20251128203619.0
008 082120s2002 ||||||||||||||000 | spa||
040 _cAR-BaBNM
100 1 _aPedro, Valentín de
245 0 0 _aAmérica en las letras españolas del siglo de oro
260 _aBuenos Aires
_bSudamericana
_c1954
300 _a365 p.
_bil.
490 0 _aHistoria y crítica literarias
650 4 _aLITERATURA ESPAÑOLA
650 4 _aRENACIMIENTO
650 4 _aLITERATURA POPULAR
650 4 _aTEATRO
650 4 _aCRITICA LITERARIA
650 4 _aHISTORIA LITERARIA
653 _aBARROCO
653 _aCRONICA DE INDIAS
653 _aSIGLO DE ORO
655 _aLITERATURA
942 _cBK
998 _cMARTIN
999 _c4141
_d4141